El cibercrimen: fenomenología y criminología de la delincuencia en el ciberespacio
Gardado en:
| Autor Principal: | |
|---|---|
| Formato: | Libro |
| Idioma: | Lingua castelá |
| Publicado: |
Madrid
Marcial Pons
2012
|
| Series: | Colección Derecho Penal y Criminología
|
| Subjects: | |
| Tags: |
Engadir etiqueta
Sen Etiquetas, Sexa o primeiro en etiquetar este rexistro!
|
MARC
| LEADER | 00000cam a2200000 a 4500 | ||
|---|---|---|---|
| 001 | UCF9145 | ||
| 003 | CL-VaPUC | ||
| 008 | 131025e20120000sp |||||||||||||||||spa|d | ||
| 020 | |a 9788415664185 | ||
| 082 | 0 | 4 | |a 345.02 |b MIR |2 21 |
| 100 | |a Miró Llinares, Fernando |e autor |9 602456 | ||
| 245 | 1 | 3 | |a El cibercrimen: fenomenología y criminología de la delincuencia en el ciberespacio |
| 300 | |a 332 p | ||
| 942 | |c BK | ||
| 945 | |d 20131025 12:28:00 |a dcastane | ||
| 260 | |a Madrid |b Marcial Pons |c 2012 | ||
| 650 | 7 | |a DERECHO PENAL |2 CL-VaPUC |9 11 | |
| 650 | 0 | |a Criminología |9 256168 | |
| 650 | 7 | |a INFORMACION PRIVILEGIADA |2 CL-VaPUC |9 492914 | |
| 650 | 7 | |a SEGURIDAD DE DATOS |2 CL-VaPUC |9 571373 | |
| 650 | 0 | |a Hackers |9 571374 | |
| 583 | |a last modification |c 20131025 12:28:00 |k Rodrigo Vera | ||
| 490 | 0 | |a Colección Derecho Penal y Criminología | |
| 999 | |c 353629 |d 353627 | ||
| 952 | |0 0 |1 0 |3 erb |4 0 |6 345_020000000000000_MIR_2012 |7 0 |8 A |9 458971 |a BIBDER |b BIBDER |d 2019-11-23 |i 502255K |l 9 |m 13 |o 345.02 MIR 2012 |p 502255K |r 2024-10-07 |s 2024-09-10 |w 2019-11-23 |y BK |z Catalogado en:20131025 |k DER | ||